000 00885nam a2200253Ia 4500
003 OSt
005 20221005105549.0
006 a|||||r|||| 00| 0
007 ta
008 221004b |||||||| |||| 00| 0 hin d
024 _a32457
037 _cTextual
040 _aCRL
_cCRL
_bhin
041 _2hin
_ahin
082 _aO152:gN5, L8
100 _aमदान, इन्द्रनाथ
245 0 _aआधुनिकता और सृजनात्मक साहित्य
246 _aĀdhunikatā aur sṛujanātmak sāhitya
260 _aनई दिल्ली
_bराधाकृष्ण प्रकाशन भारत
_c1978
300 _a251पृ.
_ccm.
650 _aहिन्दी साहित्य
942 _hO152:gN5, L8
_cTEXL
_2cc
999 _c1016182
_d1016182